Skin Color : The Shame of Silence /
Obra interdisciplinaria que llama la atención del mundo del persistente problema de la discriminación racial. Se sostiene que bajo el halo de una supuesta igualdad, persiste la segregación, la elección del caucásico sobre otras personas hasta llegar a la cuestionable supremacía blanca. Se revisa cóm...
Guardat en:
| Autor principal: | |
|---|---|
| Format: | Llibre |
| Idioma: | anglès |
| Publicat: |
Rotterdam, Holanda :
Sense,
2014, c2014
|
| Col·lecció: | (Transgressions: Cultural Studies and Education ;
100) |
| Matèries: | |
| Accés en línia: | Ver documento en línea |
| Etiquetes: |
Sense etiquetes, Sigues el primer a etiquetar aquest registre!
|
MARC
| LEADER | 00000nam^a2200000^a^4500 | ||
|---|---|---|---|
| 001 | 000432135 | ||
| 005 | 20251023000000.0 | ||
| 009 | 20260310123008.123 | ||
| 020 | |a 978-94-6209-500-7 | ||
| 037 | |a Acervo ITESO - Biblioteca | ||
| 041 | |a ING | ||
| 082 | |a 305. 809051 |b PRI | ||
| 100 | |a Pritscher, Conrad P. |e (autor) | ||
| 245 | 1 | 0 | |a Skin Color : |b The Shame of Silence / |c C.P. Pritscher. |
| 264 | 4 | |a Rotterdam, Holanda : |b Sense, |c 2014, c2014 | |
| 264 | 2 | |a Cham, Suiza : |b Springer Link [distribución], |c 2014 | |
| 300 | |a 1 libro electrónico en línea (XXI, 121 p.) | ||
| 300 | |a 1 recurso en línea | ||
| 336 | |a datos para computadora |b cod |2 rdacontenido | ||
| 337 | |a computadora |b c |2 rdamedio | ||
| 338 | |a recurso en línea |b cr |2 rdasoporte | ||
| 440 | 1 | |a (Transgressions: Cultural Studies and Education ; |v 100) | |
| 506 | 0 | |a Licencias ilimitadas | |
| 520 | |a Obra interdisciplinaria que llama la atención del mundo del persistente problema de la discriminación racial. Se sostiene que bajo el halo de una supuesta igualdad, persiste la segregación, la elección del caucásico sobre otras personas hasta llegar a la cuestionable supremacía blanca. Se revisa cómo la educación y la sociedad han seguido reproduciendo el modelo racista y los mitos que lo sustentan, bajo una hipocresía en el discurso de que ha sido superado. | ||
| 649 | |a XX | ||
| 650 | |a Diversidad Cultural | ||
| 650 | |a Diferencia y Otredad - |x Tema Principal | ||
| 650 | |a Igualdad y Desigualdad | ||
| 650 | |a Racismo - |x Tema Principal | ||
| 650 | |a Segregación | ||
| 650 | |a Discriminación | ||
| 650 | |a Reproducción Social | ||
| 650 | |a Tolerancia e Intolerancia | ||
| 650 | |a Problemas Sociales | ||
| 650 | |a Antropología Cultural | ||
| 856 | 4 | 0 | |u https://link-springer-com.ezproxy.iteso.mx/10.1007/978-94-6209-500-7 |y Ver documento en línea |
| 910 | |a Fondo General | ||
| 920 | |a Electrónicos - Libros en Línea | ||
| 930 | |a Plataforma Digital | ||
| 905 | |a 205 | ||
| 901 | |a 432135-1 |b IT2 |c EBO |i C172346 |u 20250521 | ||
| 902 | |a https://opac.biblio.iteso.mx/vufind/Record/000432135 | ||